| 000 -ლიდერი |
| ფიქსირებული სიგრძის საკონტროლო ველი |
01818nam a2200265Ia 4500 |
| 001 - საკონტროლო ნომერი |
| საკონტროლო ველი |
8222 |
| 003 - საკონტროლო ნომრის იდენტიფიკატორი |
| საკონტროლო ველი |
GE_BSU |
| 005 - ბოლო ოპერაციის თარიღი და დრო |
| საკონტროლო ველი |
20240408163349.0 |
| 008 - ფიქსირებული სიგრძის მონაცემთა ელემენტები - ზოგადი ინფორმაცია |
| ფიქსირებული სიგრძის საკონტროლო ველი |
181216s2012||||ge |||||||||||||| ||geo|| |
| 020 ## - წიგნის საერთაშორისო სტანდარტული ნომერი |
| International Standard Book Number |
9789941197765 |
| 040 ## - კატალოგიზაციის წყარო |
| Transcribing agency |
GE_BSU |
| 041 ## - ენის კოდი |
| Language code of text/sound track or separate title |
geo |
| 080 ## - უნივერსალური ათობითი კლასიფიკაციის ინდექსი |
| Universal Decimal Classification number |
913(=353.31)(560) ა-65 |
| 100 ## - მთავარი ჩანაწერი - პიროვნების სახელი |
| Personal name |
ანდრიაძე, გიორგი |
| 9 (RLIN) |
21744 |
| 245 ## - ცნობა სათაურის შესახებ |
| Title |
უცნობი ისტორიული საქართველო : |
| Remainder of title |
(ქრისტიანული ლაზეთი) / |
| Statement of responsibility, etc |
გიორგი ანდრიაძე, საქ. საპატრიარქოს წმ. ანდრია პირველწოდებულის ქართ. უნ-ტის სამეთვალყურეო საბჭოს თავმჯდომარე მიტროპოლიტი ანანია(ჯაფარიძე) ; რედ. ლელა ტუღუში ; მთარგმნ. : სესილი იმედაძე (ინგლ.), ოქტაი კაზუმოვი ; რუკები მოამზადა დავით გოგიაშვილმა ; ფოტოები ანა ანდრიაძისა. |
| 264 ## - წარმოების, გამოცემის, დისტრიბუციის და სხვა ცნობები |
| გამოცემის, წარმოების, დისტრიბუციის... ადგილი |
თბილისი : |
| გამოცემის, წარმოების, დისტრიბუციის... სახელწოდება |
პალიტრა L, |
| გამოცემის, წარმოების, დისტრიბუციის... თარიღი |
2012. |
| 300 ## - ფიზიკური აღწერა |
| Extent |
100 გვ. : |
| Other physical details |
ფოტ. ; |
| Dimensions |
22 სმ. |
| 504 ## - BIBLIOGRAPHY, ETC. NOTE |
| Bibliography, etc |
ბიბლიოგრ. : გვ. 97 |
| 653 ## - INDEX TERM--UNCONTROLLED |
| Uncontrolled term |
უცნობი ისტორიული საქართველო |
| 700 ## - ADDED ENTRY--PERSONAL NAME |
| Personal name |
ტუღუში, ლელა |
| Relator term |
რედაქტორი |
| 9 (RLIN) |
21745 |
| 700 ## - ADDED ENTRY--PERSONAL NAME |
| Dates associated with a name |
იმედაძე, სესილი |
| Relator term |
მთარგმნელი |
| 9 (RLIN) |
21746 |
| 700 ## - ADDED ENTRY--PERSONAL NAME |
| Personal name |
კაზუმოვი, ოქტაი |
| Relator term |
მთარგმნელი |
| 9 (RLIN) |
21747 |
| 942 ## - ADDED ENTRY ELEMENTS (KOHA) |
| Koha item type |
წიგნი |
| Source of classification or shelving scheme |
|